Tratado de derecho internacional privado / (Record no. 164558)

MARC details
000 -LEADER
campo de control de longitud fija 00808nam a2200193 i 4500
001 - NÚMERO DE CONTROL
campo de control 164558
003 - IDENTIFICADOR DE NÚMERO DE CONTROL
campo de control ES-MaACL
005 - FECHA Y HORA DE LA ÚLTIMA TRANSACCIÓN
campo de control 20250820063052.0
008 - DATOS DE LONGITUD FIJA--INFORMACIÓN GENERAL
campo de control de longitud fija 050802s1896 cu | |||||||| ||spa d
040 ## - FUENTE DE CATALOGACIÓN
Centro catalogador/agencia de origen CAM
Lengua de catalogación spa
Centro/agencia transcriptor CAM
100 1# - ENTRADA PRINCIPAL--NOMBRE DE PERSONA
Nombre de persona Sánchez de Bustamante y Sirvén, Antonio,
Fechas asociadas al nombre 1865-1951
9 (RLIN) 102572
245 10 - MENCIÓN DEL TÍTULO
Título Tratado de derecho internacional privado /
Mención de responsabilidad, etc. por Antonio S. de Bustamante y Sirvén.
260 ## - PUBLICACIÓN, DISTRIBUCIÓN, ETC.
Lugar de publicación, distribución, etc. Habana :
Nombre del editor, distribuidor, etc. [s.n.],
Fecha de publicación, distribución, etc. 1896 (
Fabricante Imprenta y papeleria La Universal de Ruiz y Hermano)
300 ## - DESCRIPCIÓN FÍSICA
Extensión 1 v. ;
Dimensiones 26 cm.
505 8# - NOTA DE CONTENIDO CON FORMATO
Nota de contenido con formato T.I, Nociones preliminares, Historia del Derecho Positivo, Historia del Derecho Cientifico (550 p.)
650 07 - PUNTO DE ACCESO ADICIONAL DE MATERIA--TÉRMINO DE MATERIA
Término de materia o nombre geográfico como elemento de entrada Derecho internacional privado
Fuente del encabezamiento o término embne
9 (RLIN) 11721
852 ## - LOCALIZACIÓN
Ubicación ES-MaACL
Número de control de estantería C-7108
Nota libre - Enc. pasta española
condición física - Sólo t.I
Holdings
Estatus retirado Estado de pérdida Estado de daño No para préstamo Colección Biblioteca de origen Biblioteca actual Ubicación en estantería Fecha de adquisición Fuente de adquisición Total de préstamos Signatura topográfica completa Código de barras Visto por última vez Precio de reemplazo Tipo de ítem Koha
        Libros del s. XIX Biblioteca del Ateneo de Madrid Biblioteca del Ateneo de Madrid Sala Palomar 17/01/2008     C-7108 1172496 23/02/2023 23/02/2023 Libro impreso antiguo